Zamestnanecká prémia
Zamestnanecká prémia je formou dodatočnej sociálnej pomoci pre zamestnancov, ktorí pracujú za mzdu blízku minimálnej mzde. Jej hlavná funkcia spočíva v podpore nízkopríjmovej skupiny obyvateľstva. Zamestnaneckú prémiu neposkytuje zamestnancom zamestnávateľ, ktorý je len sprostredkovateľom pri jej vy...
Gespeichert in:
| 1. Verfasser: | |
|---|---|
| Format: | Buchkapitel |
| Sprache: | Slowakisch |
| Schlagworte: | |
| Tags: |
Keine Tags, Fügen Sie das erste Tag hinzu!
|
MARC
| LEADER | 00000naa a2200000 4500 | ||
|---|---|---|---|
| 001 | 0297632 | ||
| 005 | 20240417075257.6 | ||
| 041 | 0 | |a slo | |
| 044 | |a SK | ||
| 245 | 1 | 0 | |a Zamestnanecká prémia |c Sandra Mrukviová Tomiová |
| 520 | |a Zamestnanecká prémia je formou dodatočnej sociálnej pomoci pre zamestnancov, ktorí pracujú za mzdu blízku minimálnej mzde. Jej hlavná funkcia spočíva v podpore nízkopríjmovej skupiny obyvateľstva. Zamestnaneckú prémiu neposkytuje zamestnancom zamestnávateľ, ktorý je len sprostredkovateľom pri jej vyplácaní, ale zamestnanecká prémia predstavuje príspevok zo štátneho rozpočtu. Aké sú podmienky na vznik nároku na zamestnaneckú prémiu? | ||
| 610 | 2 | 0 | |a zákony |
| 610 | 2 | 0 | |a príspevky štátne |
| 610 | 2 | 0 | |a pomoc štátna |
| 610 | 2 | 0 | |a pomoc sociálna |
| 610 | 2 | 0 | |a mzdy minimálne |
| 610 | 2 | 0 | |a prémie |
| 610 | 2 | 0 | |a zamestnanci |
| 100 | 1 | |a Mrukviová Tomiová, Sandra | |